Drifting snow : (Record no. 14223)

000 -LEADER
fixed length control field 00664pam a2200181 a 4500
020 ## - INTERNATIONAL STANDARD BOOK NUMBER
ISBN 0689505639 :
040 ## - CATALOGING SOURCE
Transcribing agency DLC
082 00 - DEWEY DECIMAL CLASSIFICATION NUMBER
Classification number 307 MAX 1992 A066 Or.
100 1# - MAIN ENTRY--AUTHOR NAME
Personal name Houston, James A.,
245 10 - TITLE STATEMENT
Title Drifting snow :
Remainder of title an Arctic search /
250 ## - EDITION STATEMENT
Edition statement 1st ed.
260 ## - PUBLICATION, DISTRIBUTION, ETC. (IMPRINT)
Place of publication New York :
Name of publisher McElderry Books ;
Place of publication Toronto :
Name of publisher Maxwell Macmillan Canada ;
Place of publication New York :
Name of publisher Maxwell Macmillan International,
Year of publication c1992.
300 ## - PHYSICAL DESCRIPTION
Number of Pages 150 p. :
Other physical details ill. ;
Dimensions 22 cm.
520 ## - SUMMARY, ETC.
Summary, etc Having been taken from her Arctic home when a tiny child, a teenager returns to look for her parents and learn once again about her Eskimo culture.
650 #0 - SUBJECT ADDED ENTRY--TOPICAL TERM
Topical Term Eskimos
650 #1 - SUBJECT ADDED ENTRY--TOPICAL TERM
Topical Term Eskimos
942 ## - ADDED ENTRY ELEMENTS (KOHA)
Koha item type សៀវភៅភាសាអង់គ្លេស

No items available.

មជ្ឈមណ្ឌលឯការនៃសាកលវិទ្យាល័យភូមិន្ទកសិកម្មចំការដូង

Powered by Koha